000 005770000a22001930004500
001 768714001
003 CO-MdFUSB
005 20170701142722.0
008 170701s1 a ||||| |||| 00| 00s d
022 _a0326-7637
040 _aCO-MdFUSB
_bspa
_cCO-MdFUSB
_dCO-MdFUSB
041 _aspa
100 1 _aZenses, Christophe
_eautor
245 1 0 _aDe la identidad pastoral
300 _aVolumen 17 (1998), Páginas 77-87
_c23 cm.
546 _aTexto en español
773 0 _tCuadernos de Teología
_049404
_959704
_gVolumen 17 (1998), Páginas 77-87
_qPágina 77
942 _cANA
999 _c50023
_d50023